|
|
|
|
| LEADER |
00849nab a2200241 i 4500 |
| 001 |
acta8796 |
| 005 |
20240507123155.0 |
| 008 |
161015s2006 hu o 000 hun d |
| 022 |
|
|
|a 1586-0116
|
| 040 |
|
|
|a SZTE Egyetemi Kiadványok Repozitórium
|b hun
|
| 041 |
|
|
|a hun
|
| 100 |
1 |
|
|a Wruss Tomislav
|
| 245 |
1 |
0 |
|a Néhány befejező megjegyzés
|h [elektronikus dokumentum] /
|c Wruss Tomislav
|
| 260 |
|
|
|a JABE a Hallgatókért Kiadói Alapítvány
|b Szeged
|c 2006
|
| 300 |
|
|
|a 7-14
|
| 490 |
0 |
|
|a Fosszília
|
| 650 |
|
4 |
|a Bölcsészettudományok
|
| 650 |
|
4 |
|a Nyelvek és irodalom
|
| 650 |
|
4 |
|a Művészetek (művészetek, művészettörténet, előadóművészetek, zene)
|
| 695 |
|
|
|a Zenetörténet
|
| 700 |
0 |
1 |
|a Horvát Ágnes
|
| 700 |
0 |
1 |
|a Lipták Dániel
|
| 856 |
4 |
0 |
|u http://acta.bibl.u-szeged.hu/8796/1/fosszilia_2006_2_007-014.pdf
|z Dokumentum-elérés
|